<?xml version="1.0" encoding="UTF-8"?>
<collection xmlns="http://www.loc.gov/MARC21/slim">
 <record>
  <leader>07230cam a2201009   4500</leader>
  <controlfield tag="001">642812101</controlfield>
  <controlfield tag="003">DE-627</controlfield>
  <controlfield tag="005">20240811194416.0</controlfield>
  <controlfield tag="007">tu</controlfield>
  <controlfield tag="008">110105s2012    gw ||||| m    00| ||ger c</controlfield>
  <datafield tag="010" ind1=" " ind2=" ">
   <subfield code="a">  2012510198</subfield>
  </datafield>
  <datafield tag="015" ind1=" " ind2=" ">
   <subfield code="a">11,N01</subfield>
   <subfield code="2">dnb</subfield>
  </datafield>
  <datafield tag="015" ind1=" " ind2=" ">
   <subfield code="a">11,N01</subfield>
   <subfield code="2">dnb</subfield>
  </datafield>
  <datafield tag="016" ind1="7" ind2=" ">
   <subfield code="a">1009166204</subfield>
   <subfield code="2">DE-101</subfield>
  </datafield>
  <datafield tag="020" ind1=" " ind2=" ">
   <subfield code="a">9783786126508</subfield>
   <subfield code="c">Leinen. : ca. EUR 69.00 (DE), ca. EUR 71.00 (AT), ca. sfr 97.90 (freier Pr.)</subfield>
   <subfield code="9">978-3-7861-2650-8</subfield>
  </datafield>
  <datafield tag="024" ind1="3" ind2=" ">
   <subfield code="a">9783786126508</subfield>
  </datafield>
  <datafield tag="035" ind1=" " ind2=" ">
   <subfield code="a">(DE-627)642812101</subfield>
  </datafield>
  <datafield tag="035" ind1=" " ind2=" ">
   <subfield code="a">(DE-576)375351027</subfield>
  </datafield>
  <datafield tag="035" ind1=" " ind2=" ">
   <subfield code="a">(DE-599)DNB1009166204</subfield>
  </datafield>
  <datafield tag="035" ind1=" " ind2=" ">
   <subfield code="a">(OCoLC)706650916</subfield>
  </datafield>
  <datafield tag="035" ind1=" " ind2=" ">
   <subfield code="a">(OCoLC)818611605</subfield>
  </datafield>
  <datafield tag="040" ind1=" " ind2=" ">
   <subfield code="a">DE-627</subfield>
   <subfield code="b">ger</subfield>
   <subfield code="c">DE-627</subfield>
   <subfield code="e">rakwb</subfield>
  </datafield>
  <datafield tag="041" ind1=" " ind2=" ">
   <subfield code="a">ger</subfield>
  </datafield>
  <datafield tag="044" ind1=" " ind2=" ">
   <subfield code="c">XA-DE-BE</subfield>
  </datafield>
  <datafield tag="050" ind1=" " ind2="0">
   <subfield code="a">NA3550.B4</subfield>
  </datafield>
  <datafield tag="082" ind1="0" ind2=" ">
   <subfield code="a">720</subfield>
   <subfield code="q">BSZ</subfield>
  </datafield>
  <datafield tag="082" ind1="0" ind2="4">
   <subfield code="a">720</subfield>
   <subfield code="q">DNB</subfield>
  </datafield>
  <datafield tag="084" ind1=" " ind2=" ">
   <subfield code="a">720#DNB</subfield>
   <subfield code="2">sdnb</subfield>
  </datafield>
  <datafield tag="084" ind1=" " ind2=" ">
   <subfield code="a">9,10</subfield>
   <subfield code="2">ssgn</subfield>
  </datafield>
  <datafield tag="084" ind1=" " ind2=" ">
   <subfield code="a">LK 16678</subfield>
   <subfield code="q">BVB</subfield>
   <subfield code="2">rvk</subfield>
   <subfield code="0">(DE-625)rvk/97619:13309</subfield>
  </datafield>
  <datafield tag="084" ind1=" " ind2=" ">
   <subfield code="a">LH 60320</subfield>
   <subfield code="2">rvk</subfield>
   <subfield code="0">(DE-625)rvk/94189:</subfield>
  </datafield>
  <datafield tag="084" ind1=" " ind2=" ">
   <subfield code="a">ZH 9017</subfield>
   <subfield code="2">rvk</subfield>
   <subfield code="0">(DE-625)rvk/156294:1568</subfield>
  </datafield>
  <datafield tag="084" ind1=" " ind2=" ">
   <subfield code="a">LK 16687</subfield>
   <subfield code="2">rvk</subfield>
   <subfield code="0">(DE-625)rvk/97619:13318</subfield>
  </datafield>
  <datafield tag="084" ind1=" " ind2=" ">
   <subfield code="a">56.62</subfield>
   <subfield code="2">bkl</subfield>
  </datafield>
  <datafield tag="084" ind1=" " ind2=" ">
   <subfield code="a">21.79</subfield>
   <subfield code="2">bkl</subfield>
  </datafield>
  <datafield tag="090" ind1=" " ind2=" ">
   <subfield code="a">a</subfield>
  </datafield>
  <datafield tag="100" ind1="1" ind2=" ">
   <subfield code="a">Hiller von Gaertringen, Hans Georg</subfield>
   <subfield code="d">1972-</subfield>
   <subfield code="0">(DE-588)132074583</subfield>
   <subfield code="0">(DE-627)51746814X</subfield>
   <subfield code="0">(DE-576)298929678</subfield>
   <subfield code="4">aut</subfield>
  </datafield>
  <datafield tag="245" ind1="1" ind2="0">
   <subfield code="a">Schnörkellos</subfield>
   <subfield code="b">die Umgestaltung von Bauten des Historismus im Berlin des 20. Jahrhunderts</subfield>
   <subfield code="c">Hans Georg Hiller von Gaertringen</subfield>
  </datafield>
  <datafield tag="250" ind1=" " ind2=" ">
   <subfield code="a">1. Aufl.</subfield>
  </datafield>
  <datafield tag="264" ind1=" " ind2="1">
   <subfield code="a">Berlin</subfield>
   <subfield code="b">Mann</subfield>
   <subfield code="c">2012</subfield>
  </datafield>
  <datafield tag="300" ind1=" " ind2=" ">
   <subfield code="a">495 S.</subfield>
   <subfield code="b">zahlr. Ill.</subfield>
   <subfield code="c">25 cm</subfield>
   <subfield code="e">1 Kt.</subfield>
  </datafield>
  <datafield tag="336" ind1=" " ind2=" ">
   <subfield code="a">Text</subfield>
   <subfield code="b">txt</subfield>
   <subfield code="2">rdacontent</subfield>
  </datafield>
  <datafield tag="337" ind1=" " ind2=" ">
   <subfield code="a">ohne Hilfsmittel zu benutzen</subfield>
   <subfield code="b">n</subfield>
   <subfield code="2">rdamedia</subfield>
  </datafield>
  <datafield tag="338" ind1=" " ind2=" ">
   <subfield code="a">Band</subfield>
   <subfield code="b">nc</subfield>
   <subfield code="2">rdacarrier</subfield>
  </datafield>
  <datafield tag="490" ind1="1" ind2=" ">
   <subfield code="a">Die Bauwerke und Kunstdenkmäler von Berlin</subfield>
   <subfield code="a">Beiheft</subfield>
   <subfield code="v">35</subfield>
  </datafield>
  <datafield tag="502" ind1=" " ind2=" ">
   <subfield code="a">Zugl.: Berlin, Humboldt-Univ., Diss., 2009</subfield>
  </datafield>
  <datafield tag="520" ind1=" " ind2=" ">
   <subfield code="a">Die Beseitigung des Baudekors der Gründerzeit, die &quot;Entdekorierung&quot; der Fassaden, hat das Berliner Stadtbild seit 1920 geprägt wie kaum eine andere bauliche Maßnahme in der Epoche der Moderne. Der Band geht der wechselhaften Geschichte dieses radikalen Vorgehens nach und identifiziert die Protagonisten und ihre Motive. -  - Die architektonische Moderne zog einen wesentlichen Teil ihrer kreativen Energie aus der Verachtung für das 19. Jahrhundert. Besonders die &quot;unschöpferischen&quot; und &quot;handwerklich schlechten&quot; Bauten der Jahre nach 1870 wurden vehement abgelehnt.  - Da man diese nicht vollständig beseitigen konnte, musste man sich vielfach mit der äußerlichen Anpassung von Gründerzeithäusern an die Gestaltungsprinzipien der Moderne begnügen. Die Abschlagung des Dekors, Beseitigung von Turmaufbauten oder Begradigung des Umrisses sollte die Epoche im Stadtbild zumindest äußerlich vergessen machen.  -  - Namhafte Architekten wie Bruno Taut, die Brüder Luckhardt und Alfons Anker oder Erich Mendelsohn initiierten die Entdekorierung zu Beginn der 1920er Jahre mit Fassadenumbauten im Stil des &quot;Neuen Bauens&quot;.  -  - Während der NS-Zeit verlagerte sich die Entdekorierung vorwiegend auf Dörfer und Kleinstädte, bis sie in den 1950er Jahren ihren quantitativen Höhepunkt erreichte: Die Fassaden in Ost- und Westberlin wurden im großen Stil &quot;eingeschäumt und rasiert&quot;.  - Nach der umfassenden Untersuchung der Protagonisten, Motive und des Verlaufs widmet sich das Buch abschließend dem Ende der Entdekorierung seit den 1960er Jahren und der zunehmenden denkmalpflegerischen Bewahrung der Bauten des Historismus</subfield>
  </datafield>
  <datafield tag="583" ind1="1" ind2=" ">
   <subfield code="a">Archivierung/Langzeitarchivierung gewährleistet</subfield>
   <subfield code="f">SSG</subfield>
   <subfield code="x">XA-DE-BW</subfield>
   <subfield code="2">pdager</subfield>
   <subfield code="5">DE-16</subfield>
  </datafield>
  <datafield tag="583" ind1="1" ind2=" ">
   <subfield code="a">Archivierung prüfen</subfield>
   <subfield code="c">20240324</subfield>
   <subfield code="f">DE-4165</subfield>
   <subfield code="z">3</subfield>
   <subfield code="2">pdager</subfield>
  </datafield>
  <datafield tag="650" ind1=" " ind2="0">
   <subfield code="a">Decoration and ornament, Architectural</subfield>
   <subfield code="x">Remodeling</subfield>
   <subfield code="z">Germany</subfield>
   <subfield code="z">Berlin</subfield>
   <subfield code="y">20th century</subfield>
  </datafield>
  <datafield tag="650" ind1=" " ind2="0">
   <subfield code="a">Facades</subfield>
   <subfield code="x">Remodeling</subfield>
   <subfield code="z">Germany</subfield>
   <subfield code="z">Berlin</subfield>
   <subfield code="y">20th century</subfield>
  </datafield>
  <datafield tag="650" ind1=" " ind2="0">
   <subfield code="a">Architecture</subfield>
   <subfield code="x">Remodeling</subfield>
   <subfield code="z">Germany</subfield>
   <subfield code="z">Berlin</subfield>
   <subfield code="y">20th century</subfield>
  </datafield>
  <datafield tag="650" ind1=" " ind2="0">
   <subfield code="a">Historicism in architecture</subfield>
   <subfield code="z">Germany</subfield>
   <subfield code="z">Berlin</subfield>
   <subfield code="y">20th century</subfield>
  </datafield>
  <datafield tag="650" ind1=" " ind2="0">
   <subfield code="a">Architecture</subfield>
   <subfield code="x">Conservation and restoration</subfield>
   <subfield code="z">Germany</subfield>
   <subfield code="z">Berlin</subfield>
  </datafield>
  <datafield tag="651" ind1=" " ind2="0">
   <subfield code="a">Berlin (Germany)</subfield>
   <subfield code="x">Buildings, structures, etc</subfield>
  </datafield>
  <datafield tag="655" ind1=" " ind2="7">
   <subfield code="a">Hochschulschrift</subfield>
   <subfield code="0">(DE-588)4113937-9</subfield>
   <subfield code="0">(DE-627)105825778</subfield>
   <subfield code="0">(DE-576)209480580</subfield>
   <subfield code="2">gnd-content</subfield>
  </datafield>
  <datafield tag="689" ind1="0" ind2="0">
   <subfield code="d">g</subfield>
   <subfield code="0">(DE-588)4005728-8</subfield>
   <subfield code="0">(DE-627)10482638X</subfield>
   <subfield code="0">(DE-576)208862560</subfield>
   <subfield code="a">Berlin</subfield>
   <subfield code="2">gnd</subfield>
  </datafield>
  <datafield tag="689" ind1="0" ind2="1">
   <subfield code="d">s</subfield>
   <subfield code="0">(DE-588)4002851-3</subfield>
   <subfield code="0">(DE-627)104280352</subfield>
   <subfield code="0">(DE-576)208848975</subfield>
   <subfield code="a">Architektur</subfield>
   <subfield code="2">gnd</subfield>
  </datafield>
  <datafield tag="689" ind1="0" ind2="2">
   <subfield code="d">s</subfield>
   <subfield code="0">(DE-588)4025142-1</subfield>
   <subfield code="0">(DE-627)106294784</subfield>
   <subfield code="0">(DE-576)208959300</subfield>
   <subfield code="a">Historismus</subfield>
   <subfield code="2">gnd</subfield>
  </datafield>
  <datafield tag="689" ind1="0" ind2="3">
   <subfield code="d">s</subfield>
   <subfield code="0">(DE-588)4153768-3</subfield>
   <subfield code="0">(DE-627)105528528</subfield>
   <subfield code="0">(DE-576)209805943</subfield>
   <subfield code="a">Fassadendekoration</subfield>
   <subfield code="2">gnd</subfield>
  </datafield>
  <datafield tag="689" ind1="0" ind2="4">
   <subfield code="d">s</subfield>
   <subfield code="0">(DE-588)4011455-7</subfield>
   <subfield code="0">(DE-627)106352695</subfield>
   <subfield code="0">(DE-576)20889361X</subfield>
   <subfield code="a">Denkmalpflege</subfield>
   <subfield code="2">gnd</subfield>
  </datafield>
  <datafield tag="689" ind1="0" ind2=" ">
   <subfield code="5">DE-101</subfield>
  </datafield>
  <datafield tag="700" ind1="1" ind2=" ">
   <subfield code="a">Bernt, Matthias</subfield>
   <subfield code="e">HerausgeberIn</subfield>
   <subfield code="4">edt</subfield>
  </datafield>
  <datafield tag="751" ind1=" " ind2=" ">
   <subfield code="a">Berlin</subfield>
   <subfield code="4">uvp</subfield>
  </datafield>
  <datafield tag="787" ind1="0" ind2="8">
   <subfield code="i">Rezensiert in</subfield>
   <subfield code="a">Elmenhorst, Lucas, 1965 - </subfield>
   <subfield code="t">[Rezension von: Hans Georg Hiller von Gaertringen, Schnörkellos. Die Umgestaltung von Bauten des Historismus im Berlin des 20. Jahrhunderts]</subfield>
   <subfield code="d">2014</subfield>
   <subfield code="w">(DE-627)1797158945</subfield>
  </datafield>
  <datafield tag="830" ind1=" " ind2="4">
   <subfield code="a">Die Bauwerke und Kunstdenkmäler von Berlin / Beiheft</subfield>
   <subfield code="v">35</subfield>
   <subfield code="9">35</subfield>
   <subfield code="w">(DE-627)129695351</subfield>
   <subfield code="w">(DE-576)089973747</subfield>
   <subfield code="w">(DE-600)257836-0</subfield>
   <subfield code="7">ns</subfield>
  </datafield>
  <datafield tag="856" ind1="4" ind2="2">
   <subfield code="u">http://www.gbv.de/dms/weimar/toc/642812101_toc.pdf</subfield>
   <subfield code="m">V:DE-601</subfield>
   <subfield code="m">B:DE-Wim2</subfield>
   <subfield code="x">Verlag</subfield>
   <subfield code="y">Inhaltsverzeichnis</subfield>
   <subfield code="3">Inhaltsverzeichnis</subfield>
  </datafield>
  <datafield tag="856" ind1="4" ind2="2">
   <subfield code="u">https://swbplus.bsz-bw.de/bsz375351027rez.htm</subfield>
   <subfield code="m">B:DE-576;DE-16</subfield>
   <subfield code="q">application/pdf</subfield>
   <subfield code="v">20140618095728</subfield>
   <subfield code="x">Verlag</subfield>
   <subfield code="3">Rezension</subfield>
  </datafield>
  <datafield tag="856" ind1="4" ind2="2">
   <subfield code="u">http://www.sehepunkte.de/2014/06/25417.html</subfield>
   <subfield code="m">V:DE-576;X:Sehepunkte</subfield>
   <subfield code="q">text/html</subfield>
   <subfield code="v">20180417093841</subfield>
   <subfield code="3">Rezension</subfield>
  </datafield>
  <datafield tag="856" ind1="4" ind2="2">
   <subfield code="u">http://www.perlentaucher.de/buch/hans-georg-hiller-von-gaertringen/schnoerkellos.html</subfield>
   <subfield code="x">Verlag</subfield>
   <subfield code="3">Rezension</subfield>
  </datafield>
  <datafield tag="935" ind1=" " ind2=" ">
   <subfield code="a">BGTS</subfield>
  </datafield>
  <datafield tag="935" ind1=" " ind2=" ">
   <subfield code="i">sf</subfield>
  </datafield>
  <datafield tag="935" ind1=" " ind2=" ">
   <subfield code="i">Blocktest</subfield>
  </datafield>
  <datafield tag="936" ind1="r" ind2="v">
   <subfield code="a">LK 16678</subfield>
   <subfield code="b">Architektur (einschließlich Grabbauten, Friedhöfe)</subfield>
   <subfield code="k">Kunstgeschichte</subfield>
   <subfield code="k">Kunst nach Ländern bzw. Kontinenten</subfield>
   <subfield code="k">Deutschland</subfield>
   <subfield code="k">Kunsttopografie Deutschlands</subfield>
   <subfield code="k">Orte Deutschlands</subfield>
   <subfield code="k">Orte B</subfield>
   <subfield code="k">Berlin</subfield>
   <subfield code="k">Kunstgeschichte</subfield>
   <subfield code="k">Architektur (einschließlich Grabbauten, Friedhöfe)</subfield>
   <subfield code="0">(DE-627)1270883100</subfield>
   <subfield code="0">(DE-625)rvk/97619:13309</subfield>
   <subfield code="0">(DE-576)200883100</subfield>
  </datafield>
  <datafield tag="936" ind1="r" ind2="v">
   <subfield code="a">LH 60320</subfield>
   <subfield code="b">Denkmalpflege in der Stadt: Stadt- und Verkehrsplanung, Altstadtsanierung, Ensembleschutz</subfield>
   <subfield code="k">Kunstgeschichte</subfield>
   <subfield code="k">Allgemeines. Allgemeine Kunstgeschichte</subfield>
   <subfield code="k">Denkmalpflege</subfield>
   <subfield code="k">Denkmalpflege in der Stadt: Stadt- und Verkehrsplanung, Altstadtsanierung, Ensembleschutz</subfield>
   <subfield code="0">(DE-627)1270643290</subfield>
   <subfield code="0">(DE-625)rvk/94189:</subfield>
   <subfield code="0">(DE-576)200643290</subfield>
  </datafield>
  <datafield tag="936" ind1="r" ind2="v">
   <subfield code="a">ZH 9017</subfield>
   <subfield code="b">Berlin</subfield>
   <subfield code="k">Technik</subfield>
   <subfield code="k">Architektur</subfield>
   <subfield code="k">Raumplanung,Städtebau, Stadtplanung</subfield>
   <subfield code="k">Allgemeines und Länderliste</subfield>
   <subfield code="k">Europa</subfield>
   <subfield code="k">Mitteleuropa</subfield>
   <subfield code="k">Deutschland</subfield>
   <subfield code="k">Berlin</subfield>
   <subfield code="0">(DE-627)1272388336</subfield>
   <subfield code="0">(DE-625)rvk/156294:1568</subfield>
   <subfield code="0">(DE-576)202388336</subfield>
  </datafield>
  <datafield tag="936" ind1="r" ind2="v">
   <subfield code="a">LK 16687</subfield>
   <subfield code="b">Bürgerbauten</subfield>
   <subfield code="k">Kunstgeschichte</subfield>
   <subfield code="k">Kunst nach Ländern bzw. Kontinenten</subfield>
   <subfield code="k">Deutschland</subfield>
   <subfield code="k">Kunsttopografie Deutschlands</subfield>
   <subfield code="k">Orte Deutschlands</subfield>
   <subfield code="k">Orte B</subfield>
   <subfield code="k">Berlin</subfield>
   <subfield code="k">Bürgerbauten</subfield>
   <subfield code="0">(DE-627)1271916134</subfield>
   <subfield code="0">(DE-625)rvk/97619:13318</subfield>
   <subfield code="0">(DE-576)201916134</subfield>
  </datafield>
  <datafield tag="936" ind1="b" ind2="k">
   <subfield code="a">56.62</subfield>
   <subfield code="j">Architekturtheorie</subfield>
   <subfield code="j">Architekturentwicklung</subfield>
   <subfield code="0">(DE-627)181570572</subfield>
  </datafield>
  <datafield tag="936" ind1="b" ind2="k">
   <subfield code="a">21.79</subfield>
   <subfield code="j">Baugeschichte: Sonstiges</subfield>
   <subfield code="0">(DE-627)10642128X</subfield>
  </datafield>
  <datafield tag="951" ind1=" " ind2=" ">
   <subfield code="a">BO</subfield>
  </datafield>
  <datafield tag="990" ind1=" " ind2=" ">
   <subfield code="a">Berlin</subfield>
  </datafield>
  <datafield tag="990" ind1=" " ind2=" ">
   <subfield code="a">Architektur</subfield>
  </datafield>
  <datafield tag="990" ind1=" " ind2=" ">
   <subfield code="a">Historismus</subfield>
  </datafield>
  <datafield tag="990" ind1=" " ind2=" ">
   <subfield code="a">Fassadendekoration</subfield>
  </datafield>
  <datafield tag="990" ind1=" " ind2=" ">
   <subfield code="a">Denkmalpflege</subfield>
  </datafield>
  <datafield tag="991" ind1=" " ind2=" ">
   <subfield code="a">Rezensiertes Werk</subfield>
  </datafield>
  <datafield tag="999" ind1=" " ind2=" ">
   <subfield code="a">KXP-PPN642812101</subfield>
   <subfield code="e">4179815389</subfield>
  </datafield>
 </record>
</collection>
